书目信息 |
| 题名: |
中外合资经营企业投资决策
|
|
| 作者: | 周建华 著 | |
| 分册: | ||
| 出版信息: | 北京 企业管理出版社 1993.4 |
|
| 页数: | 260页 | |
| 开本: | 19cm | |
| 丛书名: | ||
| 单 册: | ||
| 中图分类: | F276.43 | |
| 科图分类: | 29.157 | |
| 主题词: | 中外合资经营--合资企业--投资 , 中外合资经营 , 合资企业 , 投资 | |
| 电子资源: | ||
| ISBN: | 7-80001-245-X | |
| 000 | 00931nam0 2200301 450 | |
| 001 | 0193032900 | |
| 005 | 20100713011237.0 | |
| 010 | @a7-80001-245-X@dCNY6.80 | |
| 011 | @a7-80001-245-X | |
| 100 | @a19930806d1993 em y0chiy0110 ea | |
| 101 | 0 | @achi |
| 102 | @aCN@b110000 | |
| 105 | @ay z 000yy | |
| 106 | @ar | |
| 200 | 1 | @a中外合资经营企业投资决策@9Zhong Wai He;Ge Zi Jing Ying Qi Ye Tou Zi Jue Ce @f周建华著 |
| 210 | @a北京@c企业管理出版社@d1993.4 | |
| 215 | @a260页@d19cm | |
| 304 | @a周建华(1950~ ),江苏无锡人,无锡江南电子器件有限公司总经理 | |
| 330 | @a本书阐述了投资目标协调、投资条件分析、资金来源分析、资产结构分析等内容。 | |
| 606 | 0 | @a中外合资经营@x合资企业@x投资 |
| 606 | 0 | @a中外合资经营 |
| 606 | 0 | @a合资企业 |
| 606 | 0 | @a投资 |
| 690 | @aF276.43@v三版 | |
| 692 | @a29.157 | |
| 701 | 0 | @a周建华@9zhou jian hua@4著 |
| 801 | 0 | @aCN@b91MARC@c20130904 |
| 905 | @aBZT@dF276.43@e6@f1@sF276.43/6 | |
| 中外合资经营企业投资决策/周建华著.-北京:企业管理出版社,1993.4 |
| 260页;19cm |
| ISBN 7-80001-245-X:CNY6.80 |
| 本书阐述了投资目标协调、投资条件分析、资金来源分析、资产结构分析等内容。 |
| ● |
| 相关链接 |
|
|
|
正题名:中外合资经营企业投资决策
索取号:F276.43/6
 
预约/预借
| 序号 | 登录号 | 条形码 | 馆藏地/架位号 | 状态 | 备注 |
| 1 | 2000142727 | 2000142727 | 旧书回溯/ [索取号:F276.43/6] | 在馆 |